عروبة مصر بين التاريخ والسياسة / (Record no. 12693)
[ view plain ]
| 000 -LEADER | |
|---|---|
| fixed length control field | 00878nam a22001697a 4500 |
| 008 - FIXED-LENGTH DATA ELEMENTS--GENERAL INFORMATION | |
| fixed length control field | 090825t xxu||||| |||| 00| 0 eng d |
| 020 ## - INTERNATIONAL STANDARD BOOK NUMBER | |
| International Standard Book Number | 9770191213 |
| 082 ## - DEWEY DECIMAL CLASSIFICATION NUMBER | |
| Edition number | 20 |
| Classification number | 327.620 |
| Item number | أ ب و |
| 100 ## - MAIN ENTRY--PERSONAL NAME | |
| 9 (RLIN) | 8619 |
| Personal name | أبو طالب, حسن. |
| 245 ## - TITLE STATEMENT | |
| Title | عروبة مصر بين التاريخ والسياسة / |
| Statement of responsibility, etc | حسن أبو طالب. |
| 260 ## - PUBLICATION, DISTRIBUTION, ETC. (IMPRINT) | |
| Place of publication, distribution, etc | القاهرة : |
| Name of publisher, distributor, etc | الهيئة المصرية العامة للكتاب , |
| Date of publication, distribution, etc | 2004. |
| 300 ## - PHYSICAL DESCRIPTION | |
| Extent | 144 ص ؛ |
| Dimensions | 20 سم. |
| 650 ## - SUBJECT ADDED ENTRY--TOPICAL TERM | |
| 9 (RLIN) | 8615 |
| Topical term or geographic name as entry element | القومية العربية. |
| 942 ## - ADDED ENTRY ELEMENTS (KOHA) | |
| Source of classification or shelving scheme | Dewey Decimal Classification |
| Item type | Book - Borrowing |
| Withdrawn status | Item status | Source of classification or shelving scheme | Damaged status | Not for loan | Vendor | Home library | Current library | Shelving location | Date acquired | Source of acquisition | Total Checkouts | Full call number | Barcode | Date last seen | Koha item type | Total Renewals | Date last borrowed |
|---|---|---|---|---|---|---|---|---|---|---|---|---|---|---|---|---|---|
| Dewey Decimal Classification | Central Library | Central Library | First floor | 25/08/2009 | 327.620 أبو | 000018105 | 15/07/2025 | Book - Borrowing | |||||||||
| Dewey Decimal Classification | Central Library | Central Library | First floor | 25/08/2009 | 1 | 327.620 أبو | 000018106 | 15/07/2025 | Book - Borrowing | 1 | 20/11/2019 |